TV Show Towns - Statistics

General Stats
  • This quiz has been taken 25 times
  • The average score is 7 of 15
Answer Stats
City, State Show % Correct
Twin Peaks, Washington Twin Peaks
88%
Quahog, Rhode Island Family Guy
79%
Scranton, Pennsylvania The Office
79%
Albuquerque, New Mexico Breaking Bad
75%
Seattle, Washington Frasier
63%
Boston, Massachusetts Cheers
58%
Mayberry, North Carolina The Andy Griffith Show
54%
Hawkins, Indiana Stranger Things
42%
Stars Hollow, Connecticut Gilmore Girls
33%
Miami, Florida Miami Vice
29%
Pawnee, Indiana Parks and Recreation
29%
Sunnydale, California Buffy the Vampire Slayer
21%
Dillon, Texas Friday Night Lights
13%
Capeside, Massachusetts Dawson's Creek
8%
Rosewood, Pennsylvania Pretty Little Liars
0%
No matching quizzes found
Score Distribution
Percent of People with Each Score
Percentile by Number Answered
Your Score History
You have not taken this quiz